Wessex alterations and refurbishment price book (Record no. 112781)

MARC details
000 -LEADER
fixed length control field 00984cam a22002535a 4500
001 - CONTROL NUMBER
control field L153958
008 - FIXED-LENGTH DATA ELEMENTS--GENERAL INFORMATION
fixed length control field 110927s2011 xxk f 001 0 eng d
020 ## - INTERNATIONAL STANDARD BOOK NUMBER
International Standard Book Number 9781907196201
035 ## - SYSTEM CONTROL NUMBER
System control number (Sirsi) u153958
041 0# - LANGUAGE CODE
Language code of text/sound track or separate title eng
050 04 - LIBRARY OF CONGRESS CALL NUMBER
Classification number 692.5 $2 18
110 2# - MAIN ENTRY--CORPORATE NAME
Corporate name or jurisdiction name as entry element Building Cost Information Service
9 (RLIN) 1096
245 00 - TITLE STATEMENT
Title Wessex alterations and refurbishment price book
Remainder of title 2012
250 ## - EDITION STATEMENT
Edition statement 17th ed.
260 ## - PUBLICATION, DISTRIBUTION, ETC.
Place of publication, distribution, etc. Poole
Name of publisher, distributor, etc. Wessex
Date of publication, distribution, etc. 2011
300 ## - PHYSICAL DESCRIPTION
Extent 1
Type of unit v.
Dimensions 30 cm.
520 ## - SUMMARY, ETC.
Summary, etc. Includes nearly 5 000 fully updated materials prices, almost 12 500 built-up work items and over 600 approximate estimating prices. Contains unit rates, labour hours, material prices and waste factors, plant time, hire rates, detailed approximate estimating, preliminaries and day works, as well as a comprehensive memoranda list.
520 ## - SUMMARY, ETC.
Summary, etc. Supersedes 16th ed.
521 ## - TARGET AUDIENCE NOTE
Target audience note Advanced
590 ## - LOCAL NOTE (RLIN)
Local note KA
651 #4 - SUBJECT ADDED ENTRY--GEOGRAPHIC NAME
Geographic name United Kingdom
Chronological subdivision
690 ## - LOCAL SUBJECT ADDED ENTRY--TOPICAL TERM (OCLC, RLIN)
Topical term or geographic name as entry element BUILT ENVIRONMENT-BUILDING COSTS
942 ## - ADDED ENTRY ELEMENTS (KOHA)
Suppress in OPAC 0
Holdings
Withdrawn status Lost status Source of classification or shelving scheme Damaged status Not for loan Home library Current library Shelving location Date acquired Total Checkouts Full call number Barcode Date last seen Copy number Price effective from Koha item type
    Dewey Decimal Classification     Archives Archives RICS Boxes 14/04/2016   RICS 2011/63 30076649 06/08/2019 1 06/08/2019 Archive
    Dewey Decimal Classification     London London Basement 27/09/2011   BASEMENT 30076653 06/08/2019 2 06/08/2019 Reference material